000
00308nam a2200133Ia 4500
008
240624s9999 xx 000 0 und d
041
_a
eng
082
_a
823 SET
100
_a
SETH VIKRAM
245
_a
GOLDEN GATE
260
_c
2012
_a
New Delhi
_b
Penguin Books
300
_a
307p. ; 20cm.
365
_c
RS
_b
25
999
_c
19907
_d
19907